The great peace : (Record no. 549459)
[ view plain ]
| 000 -LEADER | |
|---|---|
| fixed length control field | 00559cam a2200169 i 4500 |
| 020 ## - INTERNATIONAL STANDARD BOOK NUMBER | |
| International Standard Book Number | 0306706946 |
| 082 00 - DEWEY DECIMAL CLASSIFICATION NUMBER | |
| Classification number | 915.1 |
| Author Mark | HUT |
| -- | L-27, P-42 |
| 100 0# - MAIN ENTRY--PERSONAL NAME | |
| Personal name | Hutheesing, Raja |
| 9 (RLIN) | 46114 |
| 245 14 - TITLE STATEMENT | |
| Title | The great peace : |
| Remainder of title | an Asian's candid report on Red China / |
| Statement of responsibility, etc. | by Raja Hutheesing. |
| 260 ## - PUBLICATION, DISTRIBUTION, ETC. | |
| Place of publication, distribution, etc. | New York : |
| Name of publisher, distributor, etc. | Da Capo Press, |
| Date of publication, distribution, etc. | 1975, c1953. |
| 300 ## - PHYSICAL DESCRIPTION | |
| Extent | 246 p. ; |
| Dimensions | 22 cm. |
| 490 0# - SERIES STATEMENT | |
| Series statement | China in the 20th century |
| 500 ## - GENERAL NOTE | |
| General note | Reprint of the 1st ed. published by Harper, New York. |
| 526 ## - STUDY PROGRAM INFORMATION NOTE | |
| Program name | 0 |
| Interest level | 0 |
| Reading level | 0 |
| Title point value | 915_100000000000000_HUT |
| 650 ## - SUBJECT ADDED ENTRY--TOPICAL TERM | |
| Topical term or geographic name entry element | MCE |
| 9 (RLIN) | 379 |
| 942 ## - ADDED ENTRY ELEMENTS (KOHA) | |
| Source of classification or shelving scheme | |
| Koha item type | Book |
| Withdrawn status | Lost status | Source of classification or shelving scheme | Damaged status | Not for loan | Permanent Location | Current Location | Date acquired | Total Checkouts | Full call number | Barcode | Date last seen | Price effective from | Koha item type |
|---|---|---|---|---|---|---|---|---|---|---|---|---|---|
| Military College of Engineering (MCE) | Military College of Engineering (MCE) | 09/25/2014 | 915.1 HUT | MCE-40216 | 09/25/2014 | 09/25/2014 | Book |
